MARC

LEADER 00000nam0a2200000 4500
001 52429
005 20231031041607.0
035 |a (RuTPU)RU\TPU\book\54937 
090 |a 52429 
100 |a 20030529d1971 km y0rusy50 ca 
101 0 |a rus 
102 |a RU 
105 |a a z 001zy 
200 1 |a Тиристоры малой и средней мощности  |f В. А. Кузьмин 
210 |a Москва  |c Советское радио  |d 1971 
215 |a 184 с.  |c ил. 
320 |a Библиогр.: с. 177-183 
610 1 |a преобразовательная техника 
610 1 |a тиристоры малой мощности 
610 1 |a тиристоры средней мощности 
610 1 |a переходные процессы 
610 1 |a напряжение 
610 1 |a переключение 
610 1 |a статические характеристики 
675 |a 621.314.63  |v 3 
700 1 |a Кузьмин  |b В. А.  |g Вадим Аркадьевич 
801 1 |a RU  |b 63413507  |c 20030529  |g PSBO 
801 2 |a RU  |b 63413507  |c 20111129  |g PSBO 
942 |c BK